000 01079cam a2200337 4500
001 2245
003 FISKH
005 20231113145157.0
008 710917s1968 enka a 000 1 eng
010 _a 72028356
015 _aB68-11486
020 _a9781405271974
040 _aDLC
_cDLC
_dDLC
_beng
050 0 0 _aPZ7.T5973
_bOw
082 _a823.914
100 1 _aTomlinson, Jill.
245 1 4 _aThe owl who was afraid of the dark /
_cJill Tomlinson ; Picture by Paul Howard
250 _aPublished in this edition in 2014
260 _aLondon :
_bEgmont,
_c1968
300 _a98 pages :
_billustrations ;
_c20 cm
350 _a10/6
505 _aM
520 _aOwls are supposed to be night birds, but young Plop is afraid of the dark, despite how much other people and animals tell him they enjoy it.
521 8 _a550
_bLexile
521 8 _aM
_bRaz-Plus
650 1 _aOwls
_vFiction.
650 1 _aFear of the dark
_vFiction.
700 _aHoward, Paul
_eillustrator
906 _a7
_bcbc
_corignew
_d2
_eocip
_f19
_gy-gencatlg
942 _2ddc
_cBK
_n0
999 _c2245
_d2245